[Event "Scandic Hotels CC"]
[Site "Stockholm"]
[Date "2000.08.01"]
[Round "4"]
[White "Akesson, Ralf"]
[Black "Wedberg, Tom Birger"]
[Result "1/2-1/2"]
[WhiteElo "2486"]
[BlackElo "2473"]
[Annotator "Ribli,Z"]
[PlyCount "64"]
[EventDate "2000.07.29"]
[EventType "tourn"]
[EventRounds "9"]
[EventCountry "SWE"]
[EventCategory "10"]
[SourceTitle "CBM 079"]
[Source "ChessBase"]
[SourceDate "2000.11.21"]
[SourceVersion "1"]
[SourceVersionDate "2000.11.21"]
[SourceQuality "1"]

1. Nf3 c5 2. c4 Nc6 3. d4 cxd4 4. Nxd4 Nf6 5. Nc3 e6 6. Bf4 {Das ist eine
wirklich seltene Fortsetzung - die Alternativen sind: 6.g3, 6.Ndb5, 6.a3 und 6.
Bg5.} h6 $6 {Dieser Zug gefällt mir nicht - 6...d5 ist die prinzipielle
Fortsetzung. Mit dem Textzug verhindert Schwarz Fesselungsmotive mit Bg5.} (
6... d5 7. cxd5 (7. Ndb5 e5 8. cxd5 exf4 9. dxc6 bxc6 {Führt zu einer
Hauptvariante.Ribli.}) 7... Nxd5 8. Nxc6 (8. Nxd5 Qxd5 9. Nxc6 Qxc6 10. a3 Bd7
11. Qb3 Qb5 12. Qxb5 Bxb5 13. e4 Bc6 14. f3 {1/2-1/2 Reisinger,M-Hofmann,J/
Bayern 1998/EXT 2000 (14)}) 8... bxc6 9. Bd2 Rb8 (9... Ba6 10. Qa4 Qb6 11. Nxd5
exd5 12. Rc1 Rc8 13. g3 Be7 14. Bh3 Bb5 15. Qg4 O-O 16. Bc3 $5 {1/2-1/2
Kortschnoj,V-Lautier,J/Wijk aan Zee 1997/CBM 57/[Ribli] (36)}) (9... Nxc3 $2
10. Bxc3 Qxd1+ 11. Rxd1 f6 12. g3 Rb8 13. Bg2 Bd7 14. O-O Bb4 15. Bxb4 Rxb4 16.
Rd6 Ke7 17. Rfd1 Be8 18. b3 $14 {Atalik,S-Friedman/Philadelphia World op/1995/}
) (9... Bb4 10. Rc1 (10. Nxd5 Bxd2+ 11. Qxd2 cxd5 12. e3 O-O 13. Bd3 Qb6 14.
O-O Ba6 $11 {Kortschnoj,V-Timman,J/Hilversum KRO m/1982/}) 10... Rb8 11. e3
Nxc3 12. bxc3 Bd6 {1/2-1/2 Nikcevic,N-Estremera Panos,S/Cappelle la Grande
1997/CBM 57 ext (12)}) 10. e4 Nxc3 11. Bxc3 Qb6 12. Bd3 Bb4 13. O-O Bxc3 14.
bxc3 Qc5 15. Qe2 Qxc3 16. Rac1 Qa5 17. Rxc6 Bb7 {1/2-1/2 Kovacevic,B-Palac,M/
Pula CRO 2000 (17)}) (6... d6 $2 7. Ndb5 $16) 7. g3 (7. a3 $5 $14) (7. Ndb5 e5)
7... Bb4 8. Bg2 (8. Ndb5 e5) 8... O-O 9. O-O d5 {Schwarz kommt um diesen Zug
nicht herum. Nun aber kommt er in eine Stellung mit isoliertem Bauern.} 10.
cxd5 exd5 (10... Nxd5 11. Nxd5 exd5 12. Rc1 $14 {[%csl Rd5]}) 11. Rc1 $14 {
[%csl Gd4] Weiß hat eine bequeme Stellung - der Nd4 blockiert den isolierten
Pd5, und das weiße Figurenspiel ist gut.} Bg4 $1 {[%mdl 2048] Wenn man einen
isolierten Bauern hat, muss man immer aktiv spielen. Jetzt hängt indirekt der
Pe2.} 12. h3 (12. f3 $6 Be6 $13) 12... Nxd4 13. Qxd4 (13. hxg4 Bxc3 14. Rxc3
Ne6 15. e3 $11) 13... Bxc3 14. Rxc3 Bxe2 15. Re1 $44 {Weiß hat das Läuferpaar
und Initiative - also ausreichende Kompensation für den Bauern.} Re8 {[%cal
Ge8e1]} (15... Bb5 16. Bc7 Qd7 (16... Re8 $2 17. Bxd8 Rxe1+ 18. Kh2 $16) 17.
Be5 Qe6 18. Rce3 $44) 16. Bc7 (16. Be5 Bc4 17. b3 Bb5 18. Rec1 $44 (18. Rd1 $44
)) 16... Qd7 17. Be5 Bb5 (17... Bc4 18. b3) 18. Rec1 {[%cal Gc1c8] Weiß übt
spürbar positionellen Druck aus - Schwarz gelingt es nicht, seinen Mehrbauern
zu halten.} Qf5 (18... Ne4 19. Rc7 Rac8 20. a4 Rxc7 (20... Bxa4 21. Rxc8 Rxc8
22. Rxc8+ Qxc8 23. Qxa4 $18) 21. Rxc7 Qe6 22. Bxg7 $36) 19. Bxf6 Qxf6 20. Qxf6
gxf6 21. Bxd5 {[%csl Gd5] Das material ist ausgeglichen, Weiß hat die bessere
Bauernstruktur.} Rad8 $8 {Schwarz kümmert sich nicht um die Verteidigung des
Pb7, sondern sucht Gegenspiel.} 22. Bxb7 Rd2 {[%csl Gd2]} 23. R3c2 (23. Ra3 $5
Rxb2 24. Rxa7 Ree2 (24... Re7 25. Ra8+ Kg7 26. Bf3 $16 {[%csl Ga2]}) 25. Bd5
Rxf2 26. Bxf7+ $18 {[%csl Rg8]}) 23... Ree2 (23... Re1+ 24. Rxe1 Rxc2) 24. Rxd2
Rxd2 25. Rc7 (25. Rc8+ Kg7 26. Ra8 a6 27. Bxa6 $2 Rd1+ 28. Kh2 (28. Kg2 Bc6+ {
[%cal Rc6a8,Rc6g2]}) 28... Bc6 {[%cal Rd1h1,Rh1h2,Rc6a8]}) 25... a5 $1 {
[%mdl 256] Der Rd2 verhindert den Zug Bd5, deshalb schlägt Schwarz den Pb2
nicht.} (25... Rxb2 $2 26. Bd5 $16 {[%cal Gd5a2,Rd5f7,Rc7a7]}) 26. b3 a4 {
Schwarz versucht, so viel Material wie möglich abzutauschen.} 27. bxa4 Bxa4 28.
a3 (28. Bf3 Rxa2 29. Bd5 Ra1+ 30. Kg2 $14) 28... Rd1+ 29. Kg2 (29. Kh2 Rd2 30.
Kg2 (30. Kg1 Rd1+) 30... Rd3) 29... Rd3 {[%cal Rd3a3]} 30. Be4 Rxa3 $11 {
Die Stellung ist materiell ausgeglichen. Es ist zwar wahr, dass der Pf7
schwach und die schwarze Bauernstruktur schleicht ist, aber das Material ist
so weit reduziert, dass Schwarz leicht Remis halten kann.} 31. Ra7 (31. Bd5 Bb3
$11) 31... Ra2 32. Rb7 (32. Bd5 Bc6 $1 {[%csl Rg2]} 33. Rd7 $8 (33. Bxc6 Rxa7
$17) 33... Rxf2+ 34. Kxf2 Bxd7 $11) 32... Rd2 1/2-1/2

[Event "Candidates qf3"]
[Site "Quebec"]
[Date "1989.??.??"]
[Round "3"]
[White "Jussupow, Artur"]
[Black "Spraggett, Kevin"]
[Result "1-0"]
[WhiteElo "2610"]
[BlackElo "2575"]
[Annotator "Rogers,I"]
[PlyCount "83"]
[EventDate "1989.02.??"]
[EventType "match"]
[EventRounds "9"]
[EventCountry "CAN"]
[SourceTitle "Candidates"]
[Source "ChessBase"]
[SourceDate "1999.07.01"]
[SourceVersion "2"]
[SourceVersionDate "1999.07.01"]
[SourceQuality "1"]

1. d4 d5 2. Nf3 c5 3. c4 e6 4. cxd5 exd5 5. Nc3 Nc6 6. g3 Nf6 7. Bg2 Be7 8. O-O
O-O 9. Bg5 Be6 $5 {With a one point lead in the match, Spraggett sensibly
chooses a very solid variation of the Tarrasch Defence.} ({To try out
Ivanchuk's new idea in the main line:} 9... cxd4 10. Nxd4 h6 11. Be3 Re8 12.
Rc1 Bf8 13. Nxc6 bxc6 14. Na4 Re6 $5 {would only be to invite a demonstration
of Jussupow's preparation, whereas now Spraggett can steer the game towards a
boring queenless middlegame featuring bishops running on opposite colours.})
10. dxc5 ({ECO suggests that White can gain a small advantage with} 10. Rc1 {
but after} c4 $1 {the rook is slightly misplaced. If then} 11. Ne5 {Black can
choose between} Rc8 $5 ({or} 11... Qa5) {hoping for} 12. f4 $2 Nxd4 $1 {
in both cases with a complicated position where White will have difficulty
proving any edge.}) 10... Bxc5 11. Bxf6 Qxf6 12. Nxd5 Qxb2 13. Nc7 Rad8 14. Qc1
$1 {This move is the reason that 9...Be6 is seen so rarely in tournament play;
in contrast to many Tarrasch variations, the resultant position offers Black
no winning chances at all and he must defend with some accuracy to gain a draw,
as his e-pawn is slightly weak. However a draw is by far the most likely
result, an outcome which would suit Spraggett perfectly, so the pressure is
very much on Jussupow to make something out of almost nothing.} Qxc1 15. Raxc1
Be7 {Ng5 at some moment.} (15... Bb6) 16. Nxe6 fxe6 17. Rc4 Bf6 18. e3 Rd6 19.
h4 h6 20. Re4 Rfd8 21. Bh3 Kf7 22. Kg2 {Having tied Black up to the defence of
the e-pawn, Jussupow is content to calmly strengthen his position. White has
no particular threats (g4 can usually be answered by ...g5, incarcerating
White's bishop) but he has more room to manoeuvre while waiting for Black to
lose patience and weaken his position.} Re8 23. Rc1 Re7 24. Rc2 b6 $2 {The
first concession, an unnecessary pawn move which leaves the knight on c6
somewhat underprotected. If Black had become bored with the plan ...
Re8-e7-e8-e7 and insisted on moving a pawn, then the logical choice was ...
g6!? intending Kg7-f7-g7 ad infinitum.} 25. Rf4 $1 {Immediately exploiting the
new weakness. The threat is 26.Rxc6 and 27.Ne5+, as well as gaining a little
more space with g4-g5.} Kg6 $6 ({Note that ...e5 is to be avoided if at all
possible; after} 25... e5 26. Re4 {, Black's bishop is a pitiful piece while
White can prepare Nd2-c4.}) 26. g4 $1 Ba1 ({The game continuation, which shows
up the exposed position of the Black king on g6, is a desperate attempt to
avoid} 26... Ne5 {By now Spraggett was probably wishing he had preferred 25...
Ke8 or 25...Kg8, however awkward after 26.g4}) 27. Rc1 Bb2 28. Rc2 Ba1 29. a4
$1 Ne5 {The threat was 30.Ra2 Bc3 31.Rc4 Bb4? (31...Bf6 32.g5) 32.Rxc6 etc.}
30. Nxe5+ Bxe5 31. Rf8 {Normally the exchange of knights would constitute
quite an achievement for Black (hence, for example, 18.e3) but here Black's
king is almost in a mating net.} Rdd7 ({A better chance for resistance lay in} 
31... h5 32. g5 Kh7 {avoiding 33.f4 and 34.Bxe6} 33. f4 Ba1 {/\...g6, but
White can round up the e-pawn with} 34. Rcc8 g6 35. Rfe8 {which should be
enough to win.}) 32. f4 Rc7 33. Rd2 Bc3 34. Rd6 Kh7 ({White was hoping to
decoy the bishop away from the long diagonal and win after} 34... Bb4 35. h5+
Kh7 36. Rdd8) 35. g5 hxg5 36. hxg5 Bb4 37. Rdd8 $5 (37. Rxe6 {was the simplest
but Jussupow has his eyes set on a mating attack.}) 37... Kg6 $6 ({Nearing the
time control it is understandable that Black did not trust his position after} 
37... g6 {but that is the only move to avoid a rapid mate. Since} 38. Rh8+ Kg7
39. Rh6 Bc3 $1 40. Rdh8 Kf7 {leads nowhere for White,}) ({he should probably
be content with} 37... g6 38. Rh8+ Kg7 39. Kf3 {leaving Black struggling to
find a move, or else humbly return to win the e-pawn. Of course Black is
hopelessly lost in both cases but White would have been forced to work a
little more.}) 38. Kf3 ({Safer than} 38. Bg4 {/\Rh8, Bh5, e4, when} Rc3 {
could be annoying, e.g.} 39. Kf3 Bc5) 38... Rf7 ({Now} 38... Rc3 {can be met by
} 39. Bxe6 $1 Rxe6 40. f5+ Kxg5 41. fxe6 Bxf8 42. Rxf8 Rc7 43. Ke4 {and wins.})
39. Rh8 e5 40. Bg4 exf4 41. Rd5 $1 {Tightening the noose.} fxe3+ 42. Kg3 1-0

[Event "Olympiad-23"]
[Site "Buenos Aires"]
[Date "1978.11.03"]
[Round "9"]
[White "Polugaevsky, Lev"]
[Black "Pfleger, Helmut"]
[Result "0-1"]
[WhiteElo "2620"]
[BlackElo "2530"]
[Annotator "Schulz,Andre"]
[PlyCount "72"]
[EventDate "1978.10.25"]
[EventType "team-swiss"]
[EventRounds "14"]
[EventCountry "ARG"]
[SourceTitle "100 Jahre Schach"]
[Source "ChessBase"]
[SourceDate "2000.04.19"]
[SourceVersion "1"]
[SourceVersionDate "2000.04.19"]
[SourceQuality "1"]
[WhiteTeam "Soviet Union"]
[BlackTeam "Germany"]
[WhiteTeamCountry "URS"]
[BlackTeamCountry "GER"]

{[%evp 0,72,18,-12,-4,-11,-11,-17,-31,-59,18,18,18,3,17,14,0,16,24,1,14,22,5,
-20,12,-8,-3,-39,-5,6,86,86,70,4,21,-4,21,-21,9,-13,22,73,0,0,-107,-119,-110,
-211,-228,-247,-418,-464,-744,-744,-811,-822,-837,-852,-852,-852,-865,-865,
-884,-884,-884,-29999,19,-884,-884,-884,-892,-891,-928,-1077,-1109] Diese
Partie ist aus deutscher Sicht sehr berühmt, weil durch Dr. Helmut Pflegers
Sieg über den nominell viel stärkeren Polugajevsky die deutsche Mannschaft
gegen die überlegene sowjetische gewann.} 1. c4 Nf6 2. Nf3 e6 3. g3 d5 4. Bg2
c5 5. cxd5 exd5 6. d4 Nc6 7. O-O Be7 8. Nc3 {Durch Zugumstellung ist die
Standardstellung aus der Tarraschverteidigung des Damengambits entstanden.} O-O
9. Bg5 {Das ist die Hauptvariante.} c4 {Das ist allerdings ungewöhnlich.} ({
"Normal" wäre} 9... cxd4 {gewesen.}) 10. Ne5 Be6 11. Nxc6 bxc6 12. b3 Qa5 13.
Na4 Rfd8 14. e3 c5 15. Bxf6 gxf6 {Der Doppelbauer ist eine hässliche
Notwendigkeit.} (15... Bxf6 16. Nxc5 $18) 16. dxc5 Bxc5 17. Qh5 Rac8 ({Auf der
gleichen Veranstaltung (Olympiade 1978) spielte Day gegen Polugajevsky} 17...
Bf8 {und verlor.} 18. e4 Rab8 19. exd5 Bd7 20. Nb2 cxb3 21. axb3 Qb6 22. Nc4
Qxb3 23. Be4 h6 24. Ne3 $16 {1-0 Polugaevsky,L-Day,L/Buenos Aires 1978/Mega
2000 (40)}) 18. Rfd1 Bf8 19. Rac1 Qb4 $1 (19... cxb3 20. Rxc8 Rxc8 21. axb3 Qb4
22. Bxd5 {mit weißem Vorteil.}) 20. Bxd5 (20. Nc3 $142) 20... Rxd5 21. Rxd5
cxb3 $1 {Ein schwarzer Gegentrick.} ({Der weiße Trick bestand in} 21... Bxd5
22. Qg4+ $18 {[%csl Rc8][%cal Rg4c8,Rg4g8]}) 22. Rxc8 Bxc8 23. axb3 Bg4 {
Die Pointe: Zuerst gerät die weiße Dame in Bedrängnis und dann der schwarze
König.} 24. Qh4 Qe1+ 25. Kg2 Be2 {Droht Matt auf f1.} 26. g4 Qf1+ 27. Kg3 Qg1+
28. Kf4 Qg2 {Jetzt droht Matt auf f3.} 29. Qxf6 Qxf2+ $1 {Der schlichte
Turmgewinn reicht ihm nicht.} (29... Qxd5 $19) 30. Ke5 Qxe3+ 31. Kf5 Qf3+ 32.
Ke5 Qe3+ 33. Kf5 Bd3+ 34. Rxd3 Qxd3+ 35. Kg5 Qe3+ 36. Kh5 Be7 0-1

[Event "Vinkovci"]
[Site "Vinkovci"]
[Date "1995.??.??"]
[Round "?"]
[White "Stohl, Igor"]
[Black "Zelcic, Robert"]
[Result "1-0"]
[WhiteElo "2530"]
[BlackElo "2500"]
[Annotator "Stohl,I"]
[PlyCount "65"]
[EventDate "1995.04.??"]
[EventType "tourn"]
[EventRounds "11"]
[EventCountry "CRO"]
[EventCategory "9"]
[SourceTitle "CBM 048"]
[Source "ChessBase"]
[SourceDate "1995.10.01"]
[SourceVersion "1"]
[SourceVersionDate "1995.10.01"]
[SourceQuality "1"]

1. d4 d5 2. c4 e6 3. Nc3 c5 4. cxd5 exd5 5. Nf3 Nc6 6. g3 Nf6 7. Bg2 Be7 8. O-O
O-O 9. Bg5 cxd4 10. Nxd4 h6 11. Be3 Bg4 (11... Re8 12. Rc1 Bg4 13. h3 Be6 14.
Kh2 Qd7 15. Qc2 Rac8 16. Rfd1 Bf8 17. a3 Kh8 $6 18. Qa4 a6 19. Nxc6 Qxc6 20.
Qh4 Qc4 21. Ne4 $1 $16 {Timman-Magomedov/Moscow olm/1994/}) 12. h3 Be6 13. Rc1
Qd7 14. Kh2 Rfd8 15. Na4 Rac8 16. Nc5 Bxc5 17. Rxc5 Nxd4 $6 {This surprisingly
loses a pawn.} (17... Ne4 $142 18. Nxc6 bxc6 (18... Nxc5 19. Nxd8 Qxd8 $14) 19.
Ra5 $14 {[%csl Ge3,Gg2,Ra7,Rc6] ^^,><a7,c6}) 18. Rxc8 $1 (18. Qxd4 Rxc5 19.
Qxc5 b6 (19... d4 $6 20. Rd1) 20. Qd4 $14 {is pleasant for White, but the text
promises more.}) 18... Nf3+ (18... Rxc8 19. Qxd4 {[%cal Rd4a7,Re3h6] /\Qa7,Bh6}
) 19. exf3 $1 Rxc8 $146 (19... Qxc8 20. Qd4 Qc4 21. Qxa7 d4 22. Rd1 d3 23. b3
Qc6 24. f4 Ne4 25. Qa5 Rd6 26. f5 $18 {Gurieli-Roschina/Moscow olw/1994/}) 20.
Qd4 Rc4 (20... b6 21. Bxh6 $1 Rc4 22. Qe5 $16) 21. Qxa7 Ra4 (21... d4 22. Rd1
d3 23. Qa3 $18) 22. Qb8+ Kh7 23. a3 Qb5 24. Qe5 Qb3 (24... Qd3 $5) 25. Bd4 $5 (
25. Ra1 {[%cal Ye5c3] /\Qc3} Rc4 $5 $13) 25... Qd3 26. Bc3 d4 27. Bb4 Ra6 $5 (
27... Bd5 $6 28. Be7 $18 {or}) (27... Nd5 $2 28. f4 {[%cal Rg2e4] /\Be4+-}) 28.
Bc5 Ra4 29. Bb4 $138 Qc4 $2 (29... Ra6 $142 30. Re1 $1 Bd5 31. Qe2 Qf5 32. Qd2
Bxf3 33. Qxd4 $16 {and White has excellent winning chances. Now it over at
once.}) 30. Rd1 d3 (30... Qb3 31. Qxd4 Nd5 32. Rd3 $18) 31. Bf1 Qc8 32. Qc3
Qxc3 33. Bxc3 1-0

[Event "ISR-chT"]
[Site "Israel"]
[Date "1997.02.20"]
[Round "4"]
[White "Tsesarsky, Ilya"]
[Black "Gershon, Alik"]
[Result "1-0"]
[WhiteElo "2390"]
[BlackElo "2420"]
[Annotator "Tsesarsky,I"]
[PlyCount "123"]
[EventDate "1997.??.??"]
[EventType "team"]
[EventRounds "11"]
[EventCountry "ISR"]
[SourceTitle "CBM 057"]
[Source "ChessBase"]
[SourceDate "1997.04.01"]
[SourceVersion "1"]
[SourceVersionDate "1997.04.01"]
[SourceQuality "1"]

1. Nf3 d5 2. d4 e6 3. c4 c5 4. cxd5 exd5 5. g3 Nc6 6. Bg2 Nf6 7. O-O Be7 8.
dxc5 Bxc5 9. Bg5 O-O 10. Nc3 d4 11. Bxf6 Qxf6 12. Nd5 Qd8 13. Nd2 Be6 (13...
Re8) 14. Nf4 Qd7 15. Rc1 Bb6 16. Nxe6 (16. Qa4 Rac8 17. Nc4 $14) 16... Qxe6 17.
Bxc6 bxc6 18. Nc4 Rfe8 19. Rc2 Rad8 20. Qd3 Rd5 21. Rfc1 Bd8 22. b4 $146 (22.
Re1 Qh3 23. Qf3 d3 24. Rd2 Rh5 25. Qg2 Qe6 26. b3 $14 Rd5 27. Qf3 Qd7 28. Rf1
$6 (28. e4 Rd4 (28... Bg5 29. Red1 $1 Bxd2 30. exd5 Re1+ 31. Rxe1 Bxe1 32. dxc6
$18) 29. Red1 Rexe4 30. Rxd3 Rxd3 31. Rxd3 Re1+ 32. Kg2 Qc7 33. Rd6 $16) 28...
dxe2 29. Rxe2 Bf6 30. Rfe1 Rf8 31. Ne3 Rd2 32. Rxd2 Qxd2 33. Re2 Qd7 34. Rc2
Rc8 35. Kg2 c5 36. Qd5 Qxd5+ 37. Nxd5 Bd8 38. Kf3 Kf8 39. Ke4 Bb6 40. Kd3 Re8
41. Kc4 Re6 42. Kb5 {1-0 Dejkalo,S-Redzepagic,R/Naleczow 1985}) 22... g6 23. a3
$6 (23. Nb2 $1 Rh5 (23... Qg4 24. Rd1 Bb6 25. a4 Rh5 26. Qf3 Qxf3 27. exf3 Rd5
28. a5 Bd8 29. Rxc6 Re2 30. Nd3 $16) 24. Qf3 Qh3 25. Qg2 Qxg2+ 26. Kxg2 Rhe5
27. Kf1 f5 28. Nd3 $16) 23... Bg5 24. f4 Bf6 25. Na5 $5 (25. Qf3 c5 26. b5 Rd7
27. a4 Rde7 28. a5 Bg7 29. b6 axb6 30. axb6 Rb8 31. Ra2 Ree8 32. Rcc2 h5 (32...
d3 33. Qxd3) 33. Ra7 (33. b7 Kh7 34. Ra8 Qd7 35. Rc1 Qe7 $11) 33... Re7 (33...
Qf5 34. Qd3 Qxd3 35. exd3 Re1+ 36. Kg2 Rb1 37. Rca2 Rb3 38. Ra8 Rxa8 39. Rxa8+
Kh7 40. Ra3 Rb1 41. Ra7 $18) 34. f5 $1 $14) (25. Nb2 Rh5 26. Nd1 (26. Na4 a5
27. Nc5 Qh3 28. e4 dxe3 29. Ne4 (29. bxa5 e2 30. Rxe2 Rxe2 31. Qxe2 Bd4+ $19) (
29. Re1 Rd8 30. Qe2 axb4 31. axb4 Bd4 $17) 29... Bg7 30. Qxe3 Qe6 31. Re2 axb4
32. Qb6 bxa3 33. Nf6+ Bxf6 34. Rxe6 Rxe6 35. Qa6 Bd4+ 36. Kg2 Bc5 37. Qa5 Bf8
38. Qa8 Re2+ 39. Kf3 Rhxh2 $19) 26... Qh3 27. e4 dxe3 28. Nxe3 Rd8 29. Qe4 Bd4
30. Re1 $11) 25... Qh3 26. Qf3 (26. Nxc6 Re3 27. Qa6 Rh5 $19) 26... Re3 $11 27.
Qg2 Qxg2+ 28. Kxg2 Rxa3 29. Rxc6 Be7 $2 (29... Kg7 $1 30. Rd1 (30. Rc7 Rc3 31.
e4 Rxc7 32. Rxc7 d3 33. Rc1 d2 34. Rd1 Rd3 35. e5 Be7 36. Nc6 Bf8 37. Kf2 Rc3
38. b5 a6 39. Ke2 axb5 40. Nd4 b4 41. Kxd2 $11) (30. R1c4 d3 31. exd3 Raxd3 32.
Rc7 $11) (30. R6c4 Rd7 31. Nc6 d3 32. exd3 Raxd3 $11) (30. Nc4 Rc3 31. Rxc3
dxc3 32. Kf3 h5 33. e4 (33. Ne5 Bxe5 34. fxe5 Rb5 35. Rxc3 Rxb4 36. Rc7 Rb6 37.
Rxa7 g5 $11) 33... Rd3+ 34. Ke2 Rd4 35. e5 Be7 36. Ke3 Rd1 37. Nd6 Bxd6 38.
exd6 Kf6 39. Rxc3 Rxd6 $11) 30... Rb5 31. Nc4 Rc3 32. Nd6 Rxc6 33. Nxb5 a6 34.
Nxd4 Rc4 35. e3 Rxb4 36. Ra1 Rb6 37. Kf3 $11) 30. Rc8+ Kg7 31. Nc6 $16 Ra2 32.
Kf3 Bf6 33. Rd1 Rb5 (33... Rc2 34. Nxa7 Rxc8 35. Nxc8 Rb5 36. Rb1 $1 (36. Nd6
$2 Rb8 37. g4 (37. Ke4 Be7) 37... Be7 38. Rxd4 Bxd6 39. Rxd6 Rxb4 40. g5 h6 41.
h4 hxg5 42. hxg5 $14) 36... Rb8 37. Na7 Ra8 38. Nc6 Ra3+ 39. Kf2 d3 40. exd3
Rxd3 41. b5 $16) 34. g4 $1 (34. Nxd4 $2 Rxb4 (34... Rd5 35. Rc4 a5 $11) 35.
Ne6+ $2 fxe6 36. Rd7+ Kh6 37. Rcc7 g5 $1) 34... h6 35. Nxd4 Bxd4 (35... Rxb4
36. Ne6+ $18) (35... Rd5 36. Nf5+ $18) 36. Rxd4 Rb7 $8 (36... a5 37. Rd7 Ra3+
38. e3 axb4 39. Rcc7 Kg8 40. Rxf7 b3 41. Rg7+ Kh8 42. Rh7+ (42. Rb7 Raa5 43.
Rgc7 Rxb7 44. Rxb7 Ra3 $18) 42... Kg8 43. Rcg7+ Kf8 44. Rb7 Rxb7 45. Rxb7 $18)
37. h4 {[%csl Rg7]} Re7 $2 (37... f6 $1 38. Rdc4 (38. Rdd8 Rb2 39. Rg8+ Kf7 40.
Rcf8+ Ke7 41. Rg7+ Kxf8 42. Rxb7 a5 43. b5 a4 44. e3 a3 45. Ra7 Rxb5 46. Rxa3
h5 47. g5 f5 $11) 38... Rb2 39. R4c7+ Rxc7 40. Rxc7+ Kg8 41. Rxa7 Rxb4 42. Ra5
Kf7 43. h5 g5 44. e3 gxf4 45. exf4 Rc4 46. Ra7+ Kg8 47. Ke3 Rb4 48. Rd7 Ra4 49.
Rd4 Ra7 50. Ke4 Kf7 51. Rc4 Ke6 (51... Rb7 52. Rc5 (52. Kd5 Rd7+) 52... Ke6 53.
Rc6+ Kf7 54. Kd5 Ra7 55. Kd6 Ra4 56. Rc7+ Kg8 57. f5 Rxg4 58. Ke6 Ra4 59. Kxf6
Ra6+ 60. Ke5 Ra5+ 61. Ke6 Ra6+ 62. Kd5 Ra5+ 63. Rc5 Ra1 64. Ke5 Ra6 65. Rd5 Kf7
66. Rd7+ Kg8 67. Rd6 $16) 52. Rc6+ Kf7 53. Kd5 Ra4 54. Rc7+ Kf8 55. Rc4 Ra6 56.
Rc6 $18) 38. e4 $18 Ra3+ 39. Kf2 Ra2+ 40. Ke3 f5 (40... f6 41. Rcd8 a5 42. R4d7
Rxd7 43. Rxd7+ Kf8 44. b5 (44. bxa5 Rxa5 $16) 44... Rb2 45. Rb7 a4 46. Kd4 a3
47. Kc5 a2 48. Ra7 $18) 41. gxf5 gxf5 42. e5 Rh2 43. Rdd8 (43. Rdc4 $142 $1
Rh3+ 44. Kd4 Rxh4 45. Kd5 Rh1 46. R4c7 Rd1+ 47. Kc6 Rxc7+ 48. Rxc7+ Kf8 (48...
Kg6 49. Rxa7 Rd4 50. b5 Rxf4 51. b6 Rc4+ 52. Kd7 Rb4 53. b7 f4 54. e6 $18) 49.
Rxa7 Rd4 50. b5 Rxf4 51. b6 $18) 43... Rh3+ (43... Rxh4 $142 $5 44. Rg8+ Kh7
45. Rh8+ Kg6 46. Rcg8+ Rg7 47. Rxg7+ Kxg7 48. Ra8 Rh3+ 49. Kd4 Rf3 50. Rxa7+
Kf8 (50... Kg6 $5 51. b5 (51. e6 Kf6 (51... Rxf4+ 52. Kc5 (52. Ke5 Rxb4 53. Ra8
Re4+ 54. Kd6 Rd4+ 55. Kc6 Re4 56. Kd7 Rd4+ 57. Ke8 Re4 58. e7 f4 59. Kd7 f3 60.
e8=Q+ Rxe8 61. Rxe8 Kf5 62. Kd6 Kf4 63. Kd5 f2 $11) 52... Re4 53. e7 f4 54. b5
f3 55. Ra3 f2 56. Rf3 Rxe7 57. Rxf2 h5 $11) 52. Kd5 Rd3+ 53. Kc5 Kxe6 54. Ra6+
Kd7 55. Rxh6 Rf3 (55... Rc3+ 56. Kd5 Rb3 57. Rh7+ Kc8 58. b5 $18) 56. Rd6+ Kc7
57. Rd4 $18) (51. Ra6+ Kh5 52. e6 Rxf4+ 53. Ke5 Kg5 54. Ra8 (54. e7 Re4+ 55.
Kd6 Kf6 $11) 54... Re4+ 55. Kd6 (55. Kd5 Re1 56. b5 $1 (56. Rg8+ Kf4 57. b5
Rd1+ 58. Kc6 Re1 59. Kd7 Rd1+ 60. Ke8 Rb1 61. e7 Rxb5 62. Kf7 Rb7 63. Ke6 Rxe7+
64. Kxe7 Ke3 65. Kf6 f4 66. Kf5 f3 67. Re8+ (67. Kg4 f2 68. Rf8 Ke2 $11) 67...
Kd2 68. Kg4 f2 69. Rf8 Ke2 $11) 56... Rd1+ 57. Ke5 Re1+ 58. Kd6 Rd1+ 59. Ke7 f4
60. Kf7 f3 61. Ra2 Rd4 62. b6 Rf4+ 63. Kg7 f2 64. Rxf2 Rxf2 65. e7 Re2 66. Kf7
Rf2+ 67. Kg8 Re2 68. b7 Rxe7 69. b8=Q $18) 55... Rd4+) 51... Rxf4+ 52. Kd5 Rb4
53. Rb7 (53. Kc5 Re4 54. b6 (54. Kd6 f4 55. b6 f3 56. b7 Rb4 57. e6 f2 58. e7
Kf7 59. Ra8 Rb6+ 60. Kc7 Rxb7+ 61. Kxb7 Kxe7 62. Ra1 Kf6 63. Rf1 (63. Kc6 h5
64. Kd5 Kf5 65. Rf1 h4 66. Rxf2+ Kg4 67. Ke4 h3 $11) 63... h5 64. Kc6 (64.
Rxf2+ Kg5 65. Kc6 h4 66. Kd5 Kg4 67. Ke4 h3 $11 (67... Kg3 68. Rf3+ Kg2 69. Kf4
h3 70. Rg3+ $18)) 64... h4 65. Kd5 Kf5 66. Rxf2+ Kg4 67. Ke4 h3 68. Ke3 Kg3 69.
Rf8 Kg2 $11) 54... Rxe5+ 55. Kd6 Rb5 56. b7 f4 57. Kc7 f3 $11) 53... f4 54. e6
f3 55. Rb8 f2 56. e7 f1=Q 57. e8=Q+ Qf7+ 58. Qxf7+ Kxf7 59. b6 (59. Rb6 Rb1)
59... Rb1 60. Kc6 Rc1+ 61. Kb7 h5 $11) 51. e6 Rxf4+ 52. Ke5 $18) 44. Kd4 $18
Rxh4 45. Rg8+ Kh7 46. Rh8+ Kg6 47. Rcg8+ Rg7 48. e6 $1 Rxf4+ 49. Kd5 Re4 50. b5
$22 (50. Rxg7+ Kxg7 51. Ra8 Kf6 $11) 50... Re1 51. Rxg7+ Kxg7 52. Ra8 Kf6 53.
Rf8+ Kg5 54. Kd6 Rd1+ 55. Kc6 Re1 56. Kd7 Rd1+ 57. Ke8 f4 58. e7 Kg4 59. Kf7
Re1 60. e8=Q Rxe8 61. Kxe8 f3 62. Rf7 1-0